| 000 | 00433nam a2200169Ia 4500 | ||
|---|---|---|---|
| 005 | 20240726043345.0 | ||
| 008 | 240331s9999 xx 000 0 und d | ||
| 020 | _a | ||
| 082 |
_a294.3 _bOLI |
||
| 100 | _aOlivelle, P | ||
| 245 | 4 | _aThe Origin and the early development of Buddhist monachism | |
| 260 |
_aColombo _bM.D.Gunasena & Co. Ltd _c1974 |
||
| 300 | _axiv, 86 p ., | ||
| 650 | _aReligions | ||
| 650 | _aBuddhist | ||
| 942 | _cL | ||
| 999 |
_c924 _d924 |
||